| 000 | 00000nas 2200000za 4500 |
| 001 | 9.503727 |
| 003 | CaOODSP |
| 005 | 20210720123542 |
| 007 | cr ||||||||||| |
| 008 | 150406c2002||||xxc|| p o||||f| |0fre|d |
| 022 | |a1709-3775 |
| 040 | |aCaOODSP|bfre |
| 043 | |an-cn--- |
| 086 | 1 |aMR2-9F-PDF |
| 110 | 2 |aInstitut de la nutrition, du métabolisme et du diabète (Canada) |
| 245 | 10|aRapport annuel - Institut de la nutrition, du métabolisme et du diabète |h[ressource électronique] |
| 260 | |aOttawa - Ontario : |bInstituts de recherche en santé du Canada. |
| 310 | |aAnnuel |
| 362 | 1 |a2001/2002-[2004/2005] |
| 691 | 07|aAlimentation|2gcpds |
| 691 | 07|aRapport annuel|2gcpds |
| 775 | 08|tAnnual report - Institute of Nutrition, Metabolism and Diabetes |w(CaOODSP)9.507339 |